000
00319nam a2200145Ia 4500
100
_a
Edminister/ J.A.
250
_a
2
942
_c
BK
654
_a
electromagnetics
245
_a
Electromagnetics-Schaums Series
260
_b
Tata Mc Graw hill
_a
New york
_c
1993
300
_a
322
546
_a
ENGLISH
999
_c
33148
_d
33148